000 00611cam a2200205 4500
001 ABS61755
008 000000n1999 000 0 eng u
035 _a(Sirsi) u104064
100 _aMcManus, F
245 _aBuilding control: the law in Scotland
260 _c1999
490 _aScottish Planning and Environmental Law
_v(76) December 1999, 126-130(5)
520 _aOverview of the law relating to building control in Scotland
590 _aABS
650 _aBUILDING CONTROL
_96222
650 _aBUILDING STANDARDS
650 _aSCOTLAND
690 _aBUILDING AND CONSTRUCTION-LAW
942 _n0
999 _c62447
_d62447